| 000 | 01380nam a2200277 a 4500 | ||
|---|---|---|---|
| 001 | 99666277202419 | ||
| 008 | 190520s2016 ||||||||||||||||| || u | ||
| 020 | _a9781292152240 (pbk.) | ||
| 050 | _aHD 70.U5 Ebe | ||
| 100 | _aGriffin, Ricky W | ||
| 245 | 1 | 0 |
_aBusiness essentials (11th edition) _cRonald J. Ebert, Ricky W. Griffin. |
| 250 | _a11th edition | ||
| 260 |
_aHarlow _bPearson Education _c2016 |
||
| 300 | _a692 pages:illustrations | ||
| 337 | _aunmediated | ||
| 338 |
_avolume _2rdacarrier |
||
| 350 | _a46.98 | ||
| 650 | 7 |
_aBUSINESS ENTERPRISES _2fast |
|
| 650 | 0 | _aINDUSTRIAL MANAGEMENT | |
| 700 | _aEbert, Ronald J | ||
| 995 |
_aMAIN LIBRARY OPEN ACCESS _D46.98 _e749046 _FCBU-MAIN LIBRARY (Kitwe) _I46.98 _jHD 70.U5 Ebe _M3 _UAVAILABLE _WMay 20, 2019 _y749046 _ZMain Library Open Access Collection |
||
| 995 |
_aANNEX COLLECTION (Main Library) _D46.98 _e749047 _FCBU-MAIN LIBRARY (Kitwe) _I46.98 _jHD 70.U5 Ebe _M4 _UAVAILABLE _WMay 20, 2019 _y749047 _ZAnnex Low-Usage Collection |
||
| 995 |
_aMAIN LIBRARY OPEN ACCESS _D46.98 _e749045 _FCBU-MAIN LIBRARY (Kitwe) _I46.98 _jHD 70.U5 Ebe _M2 _UAVAILABLE _WMay 20, 2019 _y749045 _ZMain Library Open Access Collection |
||
| 995 |
_aANNEX COLLECTION (Main Library) _D46.98 _e749044 _FCBU-MAIN LIBRARY (Kitwe) _I46.98 _jHD 70.U5 Ebe _M1 _UAVAILABLE _WMay 20, 2019 _y749044 _ZAnnex Low-Usage Collection |
||
| 999 |
_c79005 _d79005 |
||